| 000 | 00770 a2200169 4500 | ||
|---|---|---|---|
| 003 | Nust | ||
| 005 | 20221116120500.0 | ||
| 040 | _cNust | ||
| 082 | _a512.89,JAF | ||
| 100 |
_aJafri,M.N _9102666 |
||
| 245 |
_aLinear Transform Methods / _cDr M.N jafri |
||
| 260 |
_aIslamabad _bInformatics Complex (ICCC) |
||
| 300 | _a214:p | ||
| 505 | _aLaplace Transform (Page-1), Application to Physical Systems (Page-12), The Inverse Laplace Transform (Page-25), Laplace Transform Theorems (Page-35), S- plane Analysis (Page-53), Fourier Series (Page-71), The Fourier Transforms (page-108), Application of Fourier Transforms (Page-130), Transforms (Page-171), Application of Z-Transforms(Page-195). | ||
| 650 |
_aLinear Transform Methods _9102667 |
||
| 942 |
_2ddc _cBK _k512.89,JAF |
||
| 999 |
_c182273 _d182273 |
||